الجهاز الهضمي / (رقم التسجيلة. 48039)

تفاصيل مارك
000 -LEADER
fixed length control field 00728nam a22002057a 4500
005 - DATE AND TIME OF LATEST TRANSACTION
control field 20251108170739.0
008 - FIXED-LENGTH DATA ELEMENTS--GENERAL INFORMATION
fixed length control field 250721s1999 xx 000 0 ara d
082 14 - DEWEY DECIMAL CLASSIFICATION NUMBER
Classification number ط/612.8/شلش
100 1# - MAIN ENTRY--PERSONAL NAME
Personal name شلش، صبحي عمران
245 10 - TITLE STATEMENT
Title الجهاز الهضمي /
246 11 - VARYING FORM OF TITLE
Title proper/short title digestive system
250 ## - EDITION STATEMENT
Edition statement ط2
264 1# - PRODUCTION, PUBLICATION, DISTRIBUTION, MANUFACTURE, AND COPYRIGHT NOTICE
Place of production, publication, distribution, manufacture عمان :
Name of producer, publisher, distributor, manufacturer مؤسسة المجلس العربي للعلوم و الطب و التكنولوجيا،
Date of production, publication, distribution, manufacture, or copyright notice 1999.
300 ## - PHYSICAL DESCRIPTION
Extent 48ص
490 0# - SERIES STATEMENT
Series statement جولة علمية داخل جسم الإنسان : سلسلة أعضاء جسم الإنسان و أسراره ؛6
650 17 - SUBJECT ADDED ENTRY--TOPICAL TERM
Topical term or geographic name as entry element جهاز الهضم
653 ## - INDEX TERM--UNCONTROLLED
Uncontrolled term ناشاون صغار (10-14 سنه )
942 ## - ADDED ENTRY ELEMENTS (KOHA)
Source of classification or shelving scheme Dewey Decimal Classification
Koha item type كتب
المقتنيات
حالة السحب حالة الفقدان مصدر التصنيف حالة التلف غير قابل للإعارة المكتبة الرئيسية المكتبة الحالية موقع الرف تاريخ التزويد الرقم المتسلسل Total Checkouts رقم الإستدعاء الباركود تاريخ آخر ظهور تاريخ الفاتورة نوع المادة (كوها)
    Dewey Decimal Classification     مكتبة أم قصير والمقابلين العامة مكتبة أم قصير والمقابلين العامة الأطفال 17/10/2014 367589   ط/612.8/شلش PLD00351784 28/07/2025 17/10/2014 كتب
    Dewey Decimal Classification     مكتبة الاميرة بديعة مكتبة الاميرة بديعة الأطفال 01/07/2015 [1803]...   ط/612.8/شلش PLD00335230 28/07/2025 01/07/2015 كتب
    Dewey Decimal Classification     مكتبة صويلح العامة مكتبة صويلح العامة الأطفال 28/07/2019 367519   ط/612.8/شلش PLD00459857 28/07/2025 28/07/2019 كتب
Implemented & Customized by: BBB with SCIT (Smart Chains for Information Technology)

Powered by Koha